000
00313nam a22001337a 4500
020
_a
817826358-0
082
_a
823
_b
MIL/P
100
_a
MILTON
245
_a
PARADISE LOST
_b
STORY OF ADAM AND EVE
260
_a
DELHI
_b
ROHAN BOOK COMPANY
_c
2003
300
_a
219
650
_a
MODERN ILLUSTRATED CLASSICS
942
_c
BK
999
_c
426
_d
426